000 00237nam a2200097Ia 4500
008 230915s9999 xx 000 0 und d
050 _aHD 30.28 .D 45 2000
100 _aDE KLUYVER,CORNELIS A.
245 0 _aSTRATEGIC THINKING
942 _cBK
999 _c75532
_d75532